000 01341cam a22003374a 4500
999 _c3951
_d3951
001 11761901
003 OSt
005 20191002121537.0
008 990727s2000 nyua b 001 0 eng
010 _a 99043065
020 _a0471365084 (cloth : alk. paper)
035 _a(DLC) 99043065
040 _aDLC
_cDLC
_dDLC
042 _apcc
050 0 0 _aQA76.76.O63
_bS55825 2000
082 0 0 _a005.43
_221
_bSIL 2000
100 1 _aSilberschatz, Abraham; Galvin, Peter B.; Gagne, Greg.
_9413
245 1 0 _aApplied Operating System Concepts
250 _a1st ed.
260 _aNew York;
_bJohn Wiley,
_c2000.
300 _axviii, 840 p. :
_bill. ;
_c24 cm.
504 _aIncludes bibliographical references and index.
650 0 _aOperating systems
_92263
856 4 2 _3Contributor biographical information
_uhttp://www.loc.gov/catdir/bios/wiley041/99043065.html
856 4 2 _3Publisher description
_uhttp://www.loc.gov/catdir/description/wiley032/99043065.html
856 4 _3Table of Contents
_uhttp://www.loc.gov/catdir/toc/onix02/99043065.html
906 _a7
_bcbc
_corignew
_d1
_eocip
_f19
_gy-gencatlg
942 _2ddc
_cSLOAN